Direito Penal do Trabalho 2019

Detalles Bibliográficos
Autor principal: Pretti, Gleibe
Otros Autores: Peixoto, Joseval, Oliveira, JB
Formato: eBook
Lenguaje:portugués
Publicado: San Pablo: LTR, 2019
Materias:
Acceso en línea:Acceso restringido

MARC

LEADER 00000nam a22000007a 4500
005 20190912005554.0
007 cr|||| ||||
008 190912s2019 br |||||s|||| 00||0 por d
020 |a 978-85-361-9925-2 
035 |a 30288 
040 |a vLex 
090 |c 9497  |d 9497 
100 1 |a Pretti, Gleibe 
245 1 0 |a  Direito Penal do Trabalho 2019  |h [Recurso electrn̤ico] /  |c Gleibe Pretti, Joseval Peixoto, JB Oliveira 
256 |a Servicio en ln̕ea 
260 |a San Pablo:  |b LTR,  |c 2019 
300 |a 1 recurso electrn̤ico 
500 |a Voc ̊que est ̀pensando em adquirir uma obra com uma visô constitucional do direito do trabalho e do direito penal, encontrou a certa. Este trabalho ̌fruto da experin̊cia e do estudo de trs̊ autores que, com diversas reunie̳s e discusse̳s sobre o tema, explicitam com objetividade aquilo que deve ser aplicado no dia a dia do profissional. Sabemos que o direito tem uma n︢ica fonte e temos que ter essa visô de diversos ramos, ̌isto que esse livro traz ao profissional da r̀ea, para que ele tenha um diferencial no mercado e saiba se destacar nesse mundo competitivo. Para isso, apresentamos essa obra. Destaque-se e seja bem-vindo! 
506 1 |a Disponible solo en los productos indicados  |d vLex Global  |d vLex Global (Academic Edition, excluding Law Schools)  |d vLex Global (U.S. Academic Edition, Law Schools)  |d vLex Global (U.S. Academic Edition, excluding Law Schools)  |d vLex Global (Academic Edition, Law Schools) 
650 0 4 |a Derecho Laboral y Seguridad Social  |z Brasil 
650 0 4 |a Derecho Penal  |z Brasil 
700 1 |a Peixoto, Joseval 
700 1 |a Oliveira, JB 
740 0 |a vLex Libros (Servicio en ln̕ea) 
856 4 0 |u http://vlex.com/source/direito-penal-do-trabalho-2019-30288  |z Acceso restringido 
942 |c BOOK 
999 0 |a Labor Law and Social Security 
999 0 |a Criminal Law